[Event "Oberliga Nord N 0910"]
[Site "Germany"]
[Date "2010.02.07"]
[Round "6.2"]
[White "Bokelbrink, Uwe"]
[Black "Jasnikowski, Zbigniew"]
[Result "0-1"]
[WhiteElo "2310"]
[BlackElo "2074"]
[PlyCount "50"]
[EventDate "2009.10.18"]
[EventType "team-tourn"]
[EventRounds "9"]
[EventCountry "GER"]
[SourceTitle "EXT 2011"]
[Source "ChessBase"]
[SourceDate "2010.11.26"]
[SourceVersion "1"]
[SourceVersionDate "2010.11.26"]
[SourceQuality "1"]
[WhiteTeam "Pinneberg"]
[BlackTeam "Neukloster"]
[WhiteTeamCountry "GER"]
[BlackTeamCountry "GER"]

1. e4 c5 2. Nf3 d6 3. d4 cxd4 4. Qxd4 a6 5. Bg5 Nc6 6. Qd2 Nf6 7. Nc3 b5 8. Nd4 Bb7 9. f3 e6 10. Nxc6 Bxc6 11. 0-0-0 Be7 12. h4 Qc7 13. Kb1 0-0 14. g4 Rfc8 15. Ne2 Nxe4 16. fxe4 Bxg5 17. hxg5 Bxe4 18. Rh3 Bxc2+ 19. Ka1 Bxd1 20. Qxd1 Qc2 21. Qe1 b4 22. Qb1 Qxb1+ 23. Kxb1 Rc5 24. Nd4 Rac8 25. Nb3 Re5 0-1

[Event "Oberliga Nord N 0910"]
[Site "Germany"]
[Date "2009.11.15"]
[Round "2.2"]
[White "Bokelbrink, Uwe"]
[Black "Hagenstein, Frank"]
[Result "1/2-1/2"]
[WhiteElo "2310"]
[BlackElo "2201"]
[PlyCount "135"]
[EventDate "2009.10.18"]
[EventType "team-tourn"]
[EventRounds "9"]
[EventCountry "GER"]
[SourceTitle "EXT 2011"]
[Source "ChessBase"]
[SourceDate "2010.11.26"]
[SourceVersion "1"]
[SourceVersionDate "2010.11.26"]
[SourceQuality "1"]
[WhiteTeam "Pinneberg"]
[BlackTeam "Neumuenster"]
[WhiteTeamCountry "GER"]
[BlackTeamCountry "GER"]

1. e4 Nf6 2. e5 Nd5 3. d4 d6 4. Nf3 Bg4 5. Be2 e6 6. 0-0 Be7 7. c4 Nb6 8. Nc3 0-0 9. Be3 Nc6 10. exd6 cxd6 11. b3 d5 12. c5 Bxf3 13. Bxf3 Nc8 14. b4 Bf6 15. Rb1 N8e7 16. Bg4 g6 17. Nb5 Qd7 18. Qd2 Bg7 19. f4 h5 20. Bh3 Nc8 21. Rfd1 Kh7 22. Nc3 N6e7 23. Qd3 Ng8 24. Kh1 Nh6 25. Ne2 Ne7 26. b5 Rfc8 27. Rdc1 Nhg8 28. a4 f5 29. g3 Nf6 30. Ng1 Ne4 31. Nf3 Bf6 32. Rc2 Kg7 33. Bg2 h4 34. gxh4 Rh8 35. Bf2 Nxf2+ 36. Rxf2 Bxh4 37. Re2 Ng8 38. c6 Qc7 39. Rxe6 Qxf4 40. Qe3 Qxe3 41. Rxe3 Bg3 42. Re6 Rb8 43. Rc1 Bf4 44. Rce1 bxc6 45. Rxc6 g5 46. Ree6 Rh6 47. Ne5 Rxe6 48. Rxe6 Rd8 49. Nd3 Bb8 50. Nb4 Kf7 51. Rc6 Ne7 52. Ra6 Re8 53. Bxd5+ Nxd5 54. Nxd5 f4 55. Kg2 g4 56. Kf2 f3 57. Ne3 Re4 58. b6 axb6 59. Rxb6 Bxh2 60. Rb7+ Ke8 61. Rg7 g3+ 62. Kxf3 Rxd4 63. Rg4 Rd2 64. a5 Rf2+ 65. Ke4 Ra2 66. Rg5 Ra4+ 67. Kf3 Ra3 68. Ke4 1/2-1/2

[Event "Pinneberg-ch"]
[Site "Pinneberg"]
[Date "2008.09.25"]
[Round "5"]
[White "Bokelbrink, Uwe"]
[Black "Moser, Till"]
[Result "1-0"]
[WhiteElo "2319"]
[BlackElo "2026"]
[PlyCount "71"]
[EventDate "2008.08.28"]
[EventType "swiss"]
[EventRounds "7"]
[EventCountry "GER"]
[SourceTitle "EXT 2011"]
[Source "ChessBase"]
[SourceDate "2010.11.26"]
[SourceVersion "1"]
[SourceVersionDate "2010.11.26"]
[SourceQuality "1"]

1. e4 e6 2. d4 d5 3. Nc3 dxe4 4. Nxe4 Nf6 5. Bg5 Be7 6. Bxf6 Bxf6 7. Nf3 Bd7 8. Qd3 Bc6 9. Nxf6+ Qxf6 10. Ne5 0-0 11. Qg3 Rd8 12. 0-0-0 Be4 13. Qe3 Bd5 14. c4 Bc6 15. h4 b5 16. h5 bxc4 17. Bxc4 Bd5 18. Bxd5 Rxd5 19. Rh3 Qe7 20. Rg3 Nd7 21. Qh6 f6 22. Nc6 Qf7 23. Qf4 e5 24. Qe4 Re8 25. Re1 f5 26. Qe2 e4 27. Rc3 Nf6 28. h6 g6 29. Kb1 Qf8 30. Rec1 Qxh6 31. Qc4 Kh8 32. Ne5 Re7 33. Qb4 Qg7 34. Rxc7 Rxc7 35. Qb8+ Qg8 36. Qxc7 1-0

[Event "Pinneberg-ch"]
[Site "Pinneberg"]
[Date "2008.09.18"]
[Round "4"]
[White "Bokelbrink, Uwe"]
[Black "Kuhn, Gerd"]
[Result "1/2-1/2"]
[WhiteElo "2319"]
[BlackElo "2128"]
[PlyCount "113"]
[EventDate "2008.08.28"]
[EventType "swiss"]
[EventRounds "7"]
[EventCountry "GER"]
[SourceTitle "EXT 2011"]
[Source "ChessBase"]
[SourceDate "2010.11.26"]
[SourceVersion "1"]
[SourceVersionDate "2010.11.26"]
[SourceQuality "1"]

1. d4 Nf6 2. c4 e6 3. Nf3 b6 4. g3 Bb7 5. Bg2 Bb4+ 6. Bd2 a5 7. 0-0 0-0 8. Bg5 Re8 9. a3 Be7 10. Nc3 Ne4 11. Bxe7 Qxe7 12. Nb5 d5 13. Qc2 c6 14. Nc3 Nxc3 15. Qxc3 dxc4 16. Qxc4 Nd7 17. Rfd1 c5 18. Ne5 Nxe5 19. dxe5 Bxg2 20. Kxg2 Rad8 21. Qb5 Rxd1 22. Rxd1 Rd8 23. Rc1 Qc7 24. f4 g6 25. Kh3 Rd2 26. b4 axb4 27. axb4 Qd7 28. Qxb6 Rxe2 29. Qd6 Qb7 30. Rxc5 Qg2+ 31. Kg4 Rc2 32. Rxc2 Qxc2 33. Kf3 Qxh2 34. b5 Qh1+ 35. Ke3 Qg1+ 36. Ke4 Qxg3 37. b6 Kg7 38. Qc7 Qg2+ 39. Kd4 Qd5+ 40. Kc3 Qa5+ 41. Kc4 h5 42. Qc6 Qa6+ 43. Kb4 h4 44. f5 gxf5 45. Qg2+ Kf8 46. Kc5 Qa3+ 47. Kc6 h3 48. Qd2 Qa4+ 49. Kc7 Qc4+ 50. Kb8 Qh4 51. Qh2 Qd8+ 52. Ka7 Qd7+ 53. b7 Qa4+ 54. Kb8 Qe8+ 55. Kc7 Qe7+ 56. Kb6 Qd8+ 57. Ka6 1/2-1/2

[Event "Pinneberg-ch"]
[Site "Pinneberg"]
[Date "2008.09.11"]
[Round "3"]
[White "Van Riesen, Klaus"]
[Black "Bokelbrink, Uwe"]
[Result "0-1"]
[WhiteElo "2088"]
[BlackElo "2319"]
[PlyCount "142"]
[EventDate "2008.08.28"]
[EventType "swiss"]
[EventRounds "7"]
[EventCountry "GER"]
[SourceTitle "EXT 2011"]
[Source "ChessBase"]
[SourceDate "2010.11.26"]
[SourceVersion "1"]
[SourceVersionDate "2010.11.26"]
[SourceQuality "1"]

1. e4 c5 2. Nf3 Nc6 3. d4 cxd4 4. Nxd4 Nf6 5. Nc3 e5 6. Ndb5 d6 7. Bg5 a6 8. Na3 b5 9. Nd5 Be7 10. Bxf6 Bxf6 11. c3 Bg5 12. Nc2 Bb7 13. a4 bxa4 14. Rxa4 0-0 15. Bd3 Nb8 16. Nde3 Bxe3 17. Nxe3 Nd7 18. Ra2 Nf6 19. Qc2 g6 20. c4 Nh5 21. 0-0 Nf4 22. Nd5 Bxd5 23. cxd5 Qg5 24. g3 f5 25. h4 Qg4 26. Qd1 Nxd3 27. Qxd3 fxe4 28. Qd2 Rf3 29. Qg5 Qxg5 30. hxg5 Raf8 31. Re1 Rxf2 32. Rxa6 R2f5 33. Rxd6 Rxg5 34. Rxe4 Rxg3+ 35. Kh2 Rg5 36. Re6 Rf2+ 37. Kh3 Rxb2 38. Rc4 Kg7 39. d6 Rb3+ 40. Kh2 Rd3 41. Re7+ Kf6 42. Rxh7 Rxd6 43. Rch4 Rd2+ 44. Kh1 Rg3 45. Rh8 Re3 46. Rg4 Re1+ 47. Rg1 Rxg1+ 48. Kxg1 Kf5 49. Kf1 g5 50. Rf8+ Ke4 51. Rg8 Kf3 52. Rf8+ Kg3 53. Rf5 e4 54. Rxg5+ Kf4 55. Rg8 Ra2 56. Rb8 Kf3 57. Rf8+ Ke3 58. Re8 Ra1+ 59. Kg2 Kd3 60. Kf2 Ra2+ 61. Ke1 Ra5 62. Kf2 Rf5+ 63. Ke1 Rh5 64. Kf2 Rh2+ 65. Kg3 Rh7 66. Kf4 Rf7+ 67. Kg3 Rf3+ 68. Kg2 Rf7 69. Re6 e3 70. Ra6 Rf2+ 71. Kg3 Kc2 0-1

[Event "Pinneberg-ch"]
[Site "Pinneberg"]
[Date "2008.09.04"]
[Round "2"]
[White "Bokelbrink, Uwe"]
[Black "Knaak, Michael"]
[Result "1-0"]
[WhiteElo "2319"]
[BlackElo "1957"]
[PlyCount "61"]
[EventDate "2008.08.28"]
[EventType "swiss"]
[EventRounds "7"]
[EventCountry "GER"]
[SourceTitle "EXT 2011"]
[Source "ChessBase"]
[SourceDate "2010.11.26"]
[SourceVersion "1"]
[SourceVersionDate "2010.11.26"]
[SourceQuality "1"]

1. e4 e5 2. Nf3 Nc6 3. Bb5 a6 4. Ba4 d6 5. c3 f5 6. exf5 Bxf5 7. d4 e4 8. Qe2 d5 9. Ne5 Qf6 10. 0-0 b5 11. Nxc6 Qxc6 12. Bc2 Nf6 13. a4 Rb8 14. axb5 axb5 15. f3 Bd6 16. fxe4 Bxe4 17. Bxe4 dxe4 18. Bg5 0-0 19. Nd2 Rbe8 20. Rae1 Qd5 21. Bxf6 gxf6 22. Nxe4 Re6 23. Qg4+ Kh8 24. Nxd6 Rxd6 25. Re7 Rg8 26. Qh3 Rg7 27. Rxg7 Kxg7 28. Rf3 h6 29. Rg3+ Kh7 30. Qg4 Rd7 31. Qg6+ 1-0

[Event "Pinneberg-ch"]
[Site "Pinneberg"]
[Date "2008.08.28"]
[Round "1"]
[White "Goetz, Claus"]
[Black "Bokelbrink, Uwe"]
[Result "0-1"]
[WhiteElo "1817"]
[BlackElo "2319"]
[PlyCount "64"]
[EventDate "2008.08.28"]
[EventType "swiss"]
[EventRounds "7"]
[EventCountry "GER"]
[SourceTitle "EXT 2011"]
[Source "ChessBase"]
[SourceDate "2010.11.26"]
[SourceVersion "1"]
[SourceVersionDate "2010.11.26"]
[SourceQuality "1"]

1. e4 c5 2. Nf3 a6 3. c4 Nc6 4. d4 cxd4 5. Nxd4 Qc7 6. Nc3 e6 7. Be3 Nf6 8. a3 Ne5 9. Rc1 d6 10. Be2 Be7 11. 0-0 0-0 12. f4 Ned7 13. b4 Re8 14. g4 Nf8 15. g5 N6d7 16. f5 Qd8 17. Bh5 Ne5 18. Nf3 Nxc4 19. Bf4 g6 20. f6 gxh5 21. Nh4 Ng6 22. fxe7 Qxe7 23. Qxh5 b5 24. Nf5 Qa7+ 25. Kh1 exf5 26. Nd5 Rxe4 27. Nf6+ Kf8 28. Rxc4 Rxf4 29. Qh6+ Ke7 30. Re1+ Re4 31. Rcxe4+ fxe4 32. Rxe4+ Be6 0-1

[Event "Oberliga Nord N 0708"]
[Site "Germany"]
[Date "2008.02.10"]
[Round "6.2"]
[White "Hoi, Carsten"]
[Black "Bokelbrink, Uwe"]
[Result "1-0"]
[WhiteElo "2404"]
[BlackElo "2320"]
[PlyCount "81"]
[EventDate "2007.10.21"]
[EventType "team-tourn"]
[EventRounds "9"]
[EventCountry "GER"]
[SourceTitle "EXT 2009"]
[Source "ChessBase"]
[SourceDate "2008.11.26"]
[SourceVersion "1"]
[SourceVersionDate "2008.11.26"]
[SourceQuality "1"]
[WhiteTeam "Neukloster"]
[BlackTeam "Pinneberg"]
[WhiteTeamCountry "GER"]
[BlackTeamCountry "GER"]

1. Nf3 Nf6 2. c4 c5 3. Nc3 e6 4. e3 d5 5. d4 Nc6 6. cxd5 exd5 7. Bb5 a6 8. Bxc6+ bxc6 9. 0-0 Bd6 10. dxc5 Bxc5 11. Qa4 Qb6 12. Qc2 Be7 13. e4 0-0 14. Be3 Qa5 15. exd5 Nxd5 16. Nxd5 cxd5 17. Rfe1 Bb4 18. Rec1 h6 19. a3 Be7 20. Bc5 Qd8 21. Nd4 Bxc5 22. Qxc5 Qg5 23. Nf3 Qh5 24. Qd4 Be6 25. b4 Rfe8 26. Rc5 Rad8 27. Re1 f6 28. Re3 Bf7 29. h3 Qf5 30. Rc1 Rxe3 31. Qxe3 Qd7 32. Nd4 Rc8 33. Rc5 Re8 34. Qg3 Re5 35. Nf3 Re7 36. Nd4 g6 37. Kh2 Kh7 38. Rc6 Re5 39. Rxf6 Re4 40. Nf3 a5 41. Ne5 1-0

[Event "Oberliga Nord N 0708"]
[Site "Germany"]
[Date "2008.01.20"]
[Round "5.2"]
[White "Zimmermann, Julian"]
[Black "Bokelbrink, Uwe"]
[Result "0-1"]
[WhiteElo "2310"]
[BlackElo "2320"]
[PlyCount "50"]
[EventDate "2007.10.21"]
[EventType "team-tourn"]
[EventRounds "9"]
[EventCountry "GER"]
[SourceTitle "EXT 2009"]
[Source "ChessBase"]
[SourceDate "2008.11.26"]
[SourceVersion "1"]
[SourceVersionDate "2008.11.26"]
[SourceQuality "1"]
[WhiteTeam "Koenigsspringer"]
[BlackTeam "Pinneberg"]
[WhiteTeamCountry "GER"]
[BlackTeamCountry "GER"]

1. e4 c5 2. Nf3 a6 3. b3 Nc6 4. Bb2 d6 5. d4 cxd4 6. Nxd4 Qc7 7. Nc3 e6 8. Qd2 Nf6 9. 0-0-0 Be7 10. Be2 Bd7 11. f4 Rc8 12. Kb1 b5 13. Bf3 Nxd4 14. Qxd4 Bc6 15. e5 dxe5 16. fxe5 Bxf3 17. gxf3 0-0 18. Rhg1 Rfd8 19. Rxg7+ Kh8 20. Qg1 Rxd1+ 21. Nxd1 Qxc2+ 22. Ka1 Bc5 23. Qe1 Bd4 24. Nc3 Rxc3 25. Rg1 Re3 0-1